000 00498nam a2200181Ia 4500
003 GCL
008 140319s9999 xx 000 0 eng d
040 _aGCL /
_cGCL
082 0 4 _aCC
_b962.16
_bM C
100 1 _aMINISTRY OF CULTUR OF EGYPT
245 1 0 _aCOLLOQUE INTERNATIONAL SUR L'TTISTOIRE DU CAIRO /
_cMINISTRY OF CULTUR OF EGYPT
260 _a[S.N] :
_bMINISTRY OF CULTURE ،
_c1969
300 _a474
650 0 4 _aHISTORY
650 0 4 _aCAIRO
650 0 4 _aARCHAEOLOGY
942 _2ddc
_cBK
999 _c11296
_d11296